| 000 | 02342nam0a2200325 4500 | ||
|---|---|---|---|
| 001 | RU\NLR\bibl\1669127 | ||
| 005 | 20250616043908.0 | ||
| 010 |
_a978-5-361-00098-2 _9300 |
||
| 021 |
_aRU _b2010-56831 _93724 |
||
| 035 | _a(NLR Aleph) 001660394 | ||
| 090 |
_a977926 _c977926 |
||
| 100 | _a20100830d2009 |||y0rusy50 ca | ||
| 101 | 0 | _arus | |
| 102 | _aRU | ||
| 105 | _aa ||||||||| | ||
| 200 | 1 |
_aДипломное проектирование _eсодержание и структура _e[учебное пособие] _eдля студентов вузов, обучающихся по специальности "Сервис транспортных и технологических машин и оборудования (Строительные, дорожные и коммунальные машины)" направления подготовки "Эксплуатация наземного транспорта и транспортного оборудования" _fЕ.С. Локшин, В.А. Даугелло, Н.С. Севрюгина _gФедер. агентство по образованию, Моск. автомобильно-дорож. ун-т (Гос. техн. ун-т), Белгород. гос. технол. ун-т им. В.Г. Шухова |
|
| 210 |
_aБелгород _cБелгородский государственный технологический университет _d2009 |
||
| 215 |
_a86 с. _cил. _d21 |
||
| 320 | _aБиблиогр.: с. 86 (4 назв.) | ||
| 606 | 1 |
_aТранспортные машины _jУчебные издания для высших учебных заведений _xТехническое обслуживание _xДипломное проектирование _92618086 _3RU\NLR\auth\661554646 |
|
| 686 | _aО12-082.05я73-5 | ||
| 700 | 1 |
_4070 _7ca _8rus _aЛокшин _bЕ. С. _f1945- _gЕвгений Семенович _9165345 _3RU\NLR\AUTH\770165390 |
|
| 701 | 1 |
_aДаугелло _bВ. А. _gВиталий Антонович _4070 |
|
| 701 | 1 |
_4070 _aСеврюгина _bН. С. _cканд. техн. наук _gНадежда Савельевна _9149867 _3RU\NLR\AUTH\770149903 |
|
| 801 | 0 |
_aRU _bNLR _c20100830 _gRCR |
|
| 801 | 1 |
_aRU _bNLR _c20100830 |
|
| 942 | _cBOOK | ||
| 980 | _aNB | ||